00468nam a2200169Ia 4500020001800000082002800018100002300046245002500069250000800094260003500102300001400137504003200151650001700183650003500200650003900235650002400274 a81-7808-974-2 a330.15195 GRE-E SL1 aGreene, William H. 0aEconometric analysis a5th aDelhibPearson Educationc2004 axxx, 1026 aIncludes appendix and index aEconometrics aEconomicsvStatistical methods aEconomics, Mathematical statistics aEconomic statistics